| 000 | 00386nam a2200157Ia 4500 | ||
|---|---|---|---|
| 003 | LK-CoDNM | ||
| 008 | 010623t2012 xxu||||| |||| 00| 1 eng d | ||
| 040 |
_aLK-CoDNM _dLK-CoDNM _eLK-CoDNM |
||
| 041 | _aeng | ||
| 080 |
_a34 _bDES |
||
| 100 | _aDe Silva,S.R. | ||
| 245 | _aLaw Of Dismissal | ||
| 260 |
_bThe Employers'Federation Of Ceylon _c2012 |
||
| 300 | _b263, 21 cm | ||
| 942 | _cBK | ||
| 999 |
_c132012 _d132012 |
||